000 01152cam a2200265 a 4500
001 000010383
005 20200929162227.0
008 971016s1996 sp b 000 d spa d
020 _a8475064620
040 _aDO-SdBNP
_bspa
_cLC
_dBNPHU
082 _a862.3
_bC146au
100 1 _aCalderón de la Barca, Pedro,
_d1600-1681
_95547
245 1 0 _aAutos sacramentales /
_cCalderón de la Barca; introducción de Enrique Rull Fernández.
260 _aMadrid :
_bFundación José Antonio de Castro,
_c1996.
300 _a565 p. ;
_c23 cm.
490 1 _aBiblioteca Castro
505 0 _gv.1.
_tLa iglesia sitiada -- La universal redención -- El divino Jasón -- El gran Duque de Gandía -- La montañesa -- A tu prójimo como a ti, I -- El divino Orfeo, I -- La hidalga del valle, I -- El veneno y la triaca -- El nuevo palacio del Retiro -- La cena del rey Baltasar -- El primer blasón del Austria.
650 4 _aTeatro español
_93071
650 4 _aLiteratura española
_9632
700 1 _aRull Fernández, Enrique,
_eintrod.
_925395
830 0 _aBiblioteca Castro
_912631
910 _aCatalogación derivada /LC
910 _aWM
049 _aBNGR
999 _c10142
_d10142